000 00588nam a2200217Ia 4500
003 LK-CoDNM
008 010623t1988 xxu||||| |||| 00| 1 sin d
040 _aLK-CoDNM
_dLK-CoDNM
_eLK-CoDNM
041 _asin
080 _a(X) 737.1 [1]
100 _aAmarasinghe,Geetha.
245 _aහස් එබූ කහාපන
246 _aHas Ebu Kahaapana
260 _bArchaeological Department
_aColombo
_c[1986]
300 _bxi,159p,pl., 30 cm
500 _aAnciant Coins of Sri LankaNo.1
650 _aArchaeology
650 _aCoins
700 _aSirisoma,M.H.
942 _cBK
999 _c114188
_d114188